| Tag |
First Indicator |
Second Indicator |
Subfields |
| LEADER |
00000cam a2200000 a 4500 |
| 001 |
in00000072453 |
| 005 |
20240530143938.0 |
| 007 |
ta |
| 008 |
950105s1951 enk b 001 0deng d |
| 010 |
|
|
|a 52000927
|
| 016 |
7 |
|
|a 001876550
|2 Uk
|
| 016 |
|
|
|a (AMICUS)000004174526
|
| 019 |
|
|
|a 908908
|a 5135090
|a 17517024
|a 154208637
|a 221991377
|a 230207093
|a 629798877
|a 847016961
|a 851837823
|a 851837824
|a 851837825
|a 896112953
|a 966388247
|a 976873693
|a 977995893
|a 1061916732
|a 1066886063
|a 1066946406
|a 1086220742
|a 1089869068
|a 1089977882
|a 1107453365
|a 1120801203
|a 1132908741
|a 1139703805
|a 1154178307
|a 1156415863
|a 1158409003
|a 1160043507
|a 1160104411
|a 1167030198
|a 1205382490
|a 1205500746
|a 1221726500
|a 1243851331
|a 1277092341
|
| 024 |
8 |
|
|a Z000972827
|
| 029 |
1 |
|
|a AU@
|b 000001465967
|
| 029 |
1 |
|
|a AU@
|b 000013059935
|
| 029 |
1 |
|
|a AU@
|b 000026846284
|
| 029 |
1 |
|
|a AU@
|b 000042734172
|
| 029 |
1 |
|
|a HEBIS
|b 093126387
|
| 029 |
1 |
|
|a NZ1
|b 11806563
|
| 029 |
1 |
|
|a NZ1
|b 12336800
|
| 029 |
1 |
|
|a NZ1
|b 3049325
|
| 029 |
1 |
|
|a NZ1
|b 4356726
|
| 029 |
1 |
|
|a NZ1
|b 123982
|
| 029 |
1 |
|
|a NLC
|b 000004174526
|
| 029 |
1 |
|
|a UKMGB
|b 001876550
|
| 035 |
|
|
|a (OCoLC)ocm31992510
|
| 035 |
|
|
|a (OCoLC)31992510
|z (OCoLC)908908
|z (OCoLC)5135090
|z (OCoLC)17517024
|z (OCoLC)154208637
|z (OCoLC)221991377
|z (OCoLC)230207093
|z (OCoLC)629798877
|z (OCoLC)847016961
|z (OCoLC)851837823
|z (OCoLC)851837824
|z (OCoLC)851837825
|z (OCoLC)896112953
|z (OCoLC)966388247
|z (OCoLC)976873693
|z (OCoLC)977995893
|z (OCoLC)1061916732
|z (OCoLC)1066886063
|z (OCoLC)1066946406
|z (OCoLC)1086220742
|z (OCoLC)1089869068
|z (OCoLC)1089977882
|z (OCoLC)1107453365
|z (OCoLC)1120801203
|z (OCoLC)1132908741
|z (OCoLC)1139703805
|z (OCoLC)1154178307
|z (OCoLC)1156415863
|z (OCoLC)1158409003
|z (OCoLC)1160043507
|z (OCoLC)1160104411
|z (OCoLC)1167030198
|z (OCoLC)1205382490
|z (OCoLC)1205500746
|z (OCoLC)1221726500
|z (OCoLC)1243851331
|z (OCoLC)1277092341
|
| 035 |
|
|
|a (OCoLC)ocm31992510
|
| 040 |
|
|
|a PLL
|b eng
|c PLL
|d CUF
|d CSU
|d HCH
|d EIS
|d NLGGC
|d UX0
|d OCLCG
|d DRB
|d WY@
|d OCLCQ
|d AUD
|d YVO
|d TLE
|d UKMGB
|d OCLCO
|d OCLCF
|d OCLCQ
|d U9X
|d UPX
|d ONB
|d UKBNS
|d MXL
|d OCLCQ
|d NLC
|d DHA
|d OCLCQ
|d CPO
|d OCLCQ
|d SAR
|d EZ9
|d AUW
|d OCLCO
|d OCLCL
|d OCLCQ
|d OCLCL
|d OCLCQ
|
| 050 |
0 |
0 |
|a B430
|b .J6
|
| 055 |
|
0 |
|a B430.J6
|
| 082 |
0 |
|
|a 888.5
|
| 082 |
0 |
4 |
|a 170
|a 888.5
|
| 084 |
|
|
|a 18.43
|2 bcl
|
| 084 |
|
|
|a 08.21
|2 bcl
|
| 084 |
|
|
|a 171.3092
|2 22
|
| 100 |
1 |
|
|a Joachim, Harold H.
|q (Harold Henry),
|d 1868-1938.
|1 https://id.oclc.org/worldcat/entity/E39PBJmXF8KGQXfBd64dF3FkDq
|
| 245 |
1 |
0 |
|a Aristotle :
|b the Nicomachean ethics /
|c a commentary by H.H. Joachim ; edited by D.A. Rees.
|
| 246 |
3 |
|
|a Nicomachean ethics
|
| 260 |
|
|
|a Oxford :
|b Clarendon Press ;
|a New York :
|b Oxford University Press,
|c 1951.
|
| 300 |
|
|
|a vi, 304 pages ;
|c 23 cm
|
| 336 |
|
|
|a text
|b txt
|2 rdacontent
|
| 337 |
|
|
|a unmediated
|b n
|2 rdamedia
|
| 338 |
|
|
|a volume
|b nc
|2 rdacarrier
|
| 340 |
|
|
|m 8vo.
|2 rdabf
|
| 504 |
|
|
|a Includes bibliographical references.
|
| 505 |
0 |
|
|a Book I -- X.
|
| 600 |
0 |
0 |
|6 880-01
|a Aristotle.
|t Nicomachean ethics
|v Commentaries.
|
| 650 |
|
0 |
|a Ethics.
|
| 630 |
0 |
4 |
|6 880-02
|a Nicomachean ethics.
|
| 650 |
|
6 |
|a Morale.
|
| 650 |
|
7 |
|a ethics (philosophy)
|2 aat
|
| 630 |
0 |
7 |
|a Nicomachean ethics (Aristotle)
|2 fast
|0 (OCoLC)fst01357515
|
| 650 |
|
7 |
|a Ethics.
|2 fast
|0 (OCoLC)fst00915833
|
| 650 |
1 |
7 |
|a Ethica Nicomachea (Aristoteles)
|2 gtt
|
| 655 |
|
7 |
|a Commentaries.
|2 fast
|0 (OCoLC)fst01423723
|
| 700 |
1 |
|
|a Rees, D. A.
|q (David Arthur)
|1 https://id.oclc.org/worldcat/entity/E39PBJq739T3TBPKg3dF96qvpP
|
| 758 |
|
|
|i has work:
|a Aristotle: the Nicomachean ethics (Text)
|1 https://id.oclc.org/worldcat/entity/E39PCFPK9TRM4KgTxdpwftDYrq
|4 https://id.oclc.org/worldcat/ontology/hasWork
|
| 776 |
0 |
8 |
|i Online version:
|a Joachim, Harold H. (Harold Henry), 1868-1938.
|t Aristotle.
|d Oxford : Clarendon Press ; New York : Oxford University Press, 1951
|w (OCoLC)642405595
|
| 856 |
4 |
2 |
|3 French equivalent / Équivalent français
|u https://bac-lac.on.worldcat.org/oclc/994826218
|t 0
|
| 880 |
1 |
4 |
|6 600-01
|a Αριστοτέλης,
|d 384-322 π.Χ.
|t Ηθικά Νικομάχεια.
|
| 880 |
0 |
4 |
|6 630-02
|a Ηθικά Νικομάχεια.
|
| 936 |
|
|
|a BATCHLOAD
|
| 948 |
|
|
|h HELD BY TXA - 443 OTHER HOLDINGS
|
| 994 |
|
|
|a Z0
|b TXA
|
| 999 |
f |
f |
|s 69857204-eec7-3090-a85a-1ae31c052a26
|i e77e7f36-33b1-38f9-b769-993eae9037d5
|t 0
|
| 952 |
f |
f |
|p ric
|a Texas A&M University
|b Rellis Campus
|c Joint Library Facility
|d Remote Storage
|t 0
|e B430 .J6
|h Library of Congress classification
|i unmediated -- volume
|m A14806077418
|
| 998 |
f |
f |
|a B430 .J6
|t 0
|l Remote Storage
|